| 000 | 00998nam a22003257a 4500 | ||
|---|---|---|---|
| 001 | 039 | ||
| 003 | DO-SdBNP | ||
| 005 | 20180219135232.0 | ||
| 007 | 039 | ||
| 008 | 151005b 1991 sp a 00| 0 spa d | ||
| 020 | _a8434808609 | ||
| 040 |
_aBPMSU _bspa _cBPMSU |
||
| 092 |
_aXXXX _bXXXX |
||
| 100 | 1 | _aRuben, Hilary | |
| 240 | 1 | 0 |
_athe calf of the november cloud / _f1980 _leng |
| 245 | 1 | 0 |
_aNube de noviembre / _cHilary Ruben ; ilustración Irene Bordoy ; traducción Eduardo Martínez ; dirección de la colección Marinella Terzi |
| 250 | _a14a. ed. | ||
| 260 |
_aMadrid : _bEdiciones SM, _c1991. |
||
| 300 |
_a137 p. : _bil. ; _c19 cm. |
||
| 490 | 1 |
_aEl barco de vapor _v2 |
|
| 521 | 1 | _aA partir de los 9 años | |
| 700 | 1 | 2 |
_aBordoy, Irene _eil. |
| 700 | 1 | 2 |
_aMartínez, Eduardo _etrad. |
| 700 | 1 | 2 |
_aTerzi, Marinella _edir. colección |
| 830 | 0 |
_aBarco de vapor _n2 _gNaranja |
|
| 910 | _a202 | ||
| 942 |
_2ddc _cBK |
||
| 945 | _aInventariado, 2018/ YL | ||
| 956 |
_aYLOCKWARD _b10 _cBPMSU |
||
| 999 |
_c8377 _d8377 |
||